Statistics for Biggest Cities in Iowa

Click here to take the quiz!

General Stats

  • This quiz has been taken 5,877 times
    (2,233 since last reset)
  • The average score is 10 of 20

Answer Stats

PopulationCountyCity% Correct
212,031PolkDes Moines
99%
136,467LinnCedar Rapids
84%
74,596JohnsonIowa City
82%
101,009ScottDavenport
77%
85,617WoodburySioux City
74%
66,424StoryAmes
65%
59,119-------Dubuque
60%
66,941Black HawkWaterloo
53%
69,792PolkWest Des Moines
53%
62,415PottawattamieCouncil Bluffs
48%
40,388Black HawkCedar Falls
42%
70,287PolkAnkeny
41%
27,138Cerro GordoMason City
35%
39,327ScottBettendorf
32%
45,923PolkUrbandale
31%
24,912WebsterFort Dodge
30%
27,388MarshallMarshalltown
29%
25,350WapelloOttumwa
27%
41,703LinnMarion
25%
26,495DallasWaukee
21%

Score Distribution

Percentile by Number Answered

Percent of People with Each Score

Your Score History

You have not taken this quiz since the last reset